| 000 | 00534nam a22001931a 4500 | ||
|---|---|---|---|
| 001 | 811 | ||
| 003 | OSt | ||
| 005 | 20260204211710.0 | ||
| 008 | 040114s1994||||dr ||||||b||||||||||spa|| | ||
| 050 | _aRD 861.44 H43c | ||
| 082 | _aRD 808.8172 H431c | ||
| 100 | _aHernández Rueda, Lupo | ||
| 245 | _aComo naciendo aún (1953-1993) / Lupo Hernández Rueda | ||
| 264 | _aSanto Domingo : UNICA | ||
| 300 | _a368 p. | ||
| 500 | _a(Colección de autores Dominicanas Contemporaneo V.1) | ||
| 650 | _a1.Poesías DomincanaÌ | ||
| 942 |
_2ddc _cBK |
||
| 999 |
_c811 _d811 |
||